Guess the Fusion Rock Song Lyrics #115 - Statistics

General Stats
  • This quiz has been taken 28 times
  • The average score is 242 of 397
Answer Stats
Answer % Correct
you
95%
You
95%
I
91%
can
86%
can't
86%
go
82%
is
82%
My
82%
my
82%
the
82%
to
77%
Hall and Oates
73%
me
73%
on
73%
don't
68%
it
68%
What
68%
what
68%
When
68%
when
68%
if
64%
If
64%
I'm
64%
in
64%
miss
64%
of
64%
then
64%
they
64%
this
64%
time
64%
why
64%
your
64%
feel
59%
kiss
59%
know
59%
out
59%
say
59%
them
59%
all
55%
But
55%
I'll
55%
list
55%
Oh
55%
tell
55%
want
55%
need
50%
not
50%
Because
45%
because
45%
best
45%
I've
45%
life
45%
night
45%
off
45%
see
45%
there
45%
things
45%
turn
45%
up
45%
give
41%
just
41%
light
41%
only
41%
resist
41%
wanna
41%
couldn't
36%
more
36%
really
36%
reason
36%
take
36%
think
36%
away
32%
call
32%
Ah
27%
babe
27%
better
27%
doing
27%
friends
27%
friends'
27%
help
27%
lie
27%
ooh
27%
such
27%
wonder
27%
alright
23%
bliss
23%
cause
23%
crazy
23%
insist
23%
knowing
23%
listening
23%
means
23%
right
23%
secrets
23%
smile
23%
Though
23%
advice
18%
Did
18%
done
18%
wonderin
18%
forget
14%
maybe
9%
Sometimes
9%
Regret
5%
regret
5%
No matching quizzes found
Score Distribution
Percent of People with Each Score
Percentile by Number Answered
Your Score History
You have not taken this quiz